000 00563nam a2200193Ia 4500
003 GCL
008 140319s9999 xx 000 0 ara d
040 _aGCL /
_cGCL
082 0 4 _a301.24
_bع م
100 1 _aعبدالوهاب ابراهيم
245 1 0 _aمستقبل التنمية فى مصر /
_cعبدالوهاب ابراهيم
260 _a[S.N] :
_bمكتبة نهضة الشرق ،
_c1985
300 _a203 ص
490 _a
650 0 4 _aمصر
650 0 4 _aالتنمية الاجتماعية
650 0 4 _aالتنمية
942 _2ddc
_cBK
999 _c35189
_d35189